Z historii zabytkowych organów kościoła św
| Titel: | Z historii zabytkowych organów kościoła św : Jakuba w Olsztynie |
|---|---|
| Verfasser: | |
| In: |
Organy i muzyka organowa, Band 4 (1982), Seite 95-106 alle Artikel anzeigen |
| Veröffentlicht: | 1982 |
| Format: | Aufsatz |
| Sprache: | Polnisch |
X
alg: 39193304 001A $01999:11-11-16 001B $01999:16-05-21 $t20:17:51.000 001C $06050:19-11-16 $t22:34:47.000 001D $01999:11-11-16 001U $0utf8 001X $00 002@ $0Aox 003@ $0391933043 007A $0391933043 $aHEB 007T $0Herd21452 010@ $apol 011@ $a1982 021A $aZ historii zabytkowych organów kościoła św $dJakuba w Olsztynie 027A $aDie historische Orgel der St. Jacobi Kirche in Allenstein 028A $aGudel $dJoachim 031A $d4 $h95-106 $j1982 039B $aIn $8--Abvc--. Organy i muzyka organowa. - Gdańsk : PWSM, 1977- $x198200000040000905 $9069853657 045F $a307.094382 $eDDC23BSB 045F/01 $a307.09 045F/03 $g4382 045F/03 $g43832 045T $a9,2 046C $aDie historische Orgel der St. Jacobi Kirche in Allenstein $bÜbers. des Hauptsacht. lok: 39193304 78 exp: 39193304 78 1 #EPN 201B/01 $019-09-18 $t22:52:32.000 201U/01 $0utf8 203@/01 $0788028871 208@/01 $a11-11-16 $be 209A/01 $a/ $f000 $x00 220C/01 $aTitelaufnehmer: kl 244Z/01 $2Trx $#Prusy Wschodnie i Zachodnie $8--Trx--Ost- und Westpreußen $x01 $939113373X 244Z/01 $#Olsztyn (Woiwodschaft) $#Allenstein $#Allenstein Olsztyn $#Ol'štyn $71008435-6 $8--Tg1--Olsztyn $x02 $9041913086 244Z/01 $2Trx $#kirikud hooned $#bažnyčių pastatai $#churches buildings $#templomok épületek $#kościoły budynki $#kostoly budovy $#kostely budovy $8--Trx--Kirchen$gGebäude $x03 $9391363778 244Z/01 $2Trx $#orelid $#vargonai $#Organs $#orgonák $#organy $#organy $#varhany $8--Trx--Orgeln $x04 $9391375172 244Z/01 $2Trx $8--Trx--Zeitschriftenaufsatz $x05 $9391384341 245Z/01 $a13.03 $x01 245Z/01 $a11.09 $x02 247C/01 $82080>Marburg/Lahn, Herder-Institut, Forschungsbibliothek, Bibliographieportal $9336309341
| LEADER | 00000caa a22000002c 4500 | ||
|---|---|---|---|
| 001 | 391933043 | ||
| 003 | DE-603 | ||
| 005 | 20210516201751.0 | ||
| 007 | tu | ||
| 008 | 161111s1982 xx |||| | u00||u|pol c | ||
| 035 | |a (DE-599)HEB391933043 | ||
| 040 | |a DE-603 |b ger |c DE-603 |d DE-603 | ||
| 041 | |a pol | ||
| 082 | 0 | 4 | |8 1\u |a 307.094382 |q DE-101 |2 23/BSB |
| 084 | |a 9,2 |2 ssgn | ||
| 085 | |8 1\u |b 307.09 | ||
| 085 | |8 1\u |z 2 |s 4382 | ||
| 085 | |8 1\u |z 2 |s 43832 | ||
| 100 | 1 | |a Gudel, Joachim | |
| 245 | 0 | 0 | |a Z historii zabytkowych organów kościoła św |b Jakuba w Olsztynie |
| 246 | 1 | |i Übers. des Hauptsacht. |a Die historische Orgel der St. Jacobi Kirche in Allenstein | |
| 246 | 1 | 3 | |a Die historische Orgel der St. Jacobi Kirche in Allenstein |
| 264 | 0 | |c 1982 | |
| 773 | 0 | 8 | |i In |t Organy i muzyka organowa |d Gdańsk : PWSM, 1977- |g Band 4 (1982), Seite 95-106 |w (DE-603)069853657 |w (DE-600)1270076-9 |
| 924 | 0 | |9 2080 |a (DE-603)788028871 |b DE-2080 |c HES |d d |g / | |


